000 00842nam a2200253 a 4500
001 25244
003 CO-ViMGA
005 20230915232048.0
008 141112s2004 ck r 000 u spa d
020 _a9786077071143
040 _aCO-ViMGA
_bspa
_cCO-ViMGA
041 _aspa eng
082 0 4 _a620.11 N39c
100 1 _aNewell, James.
_938465
245 1 0 _aCiencia de materiales :
_baplicaciones en ingeniería /
_cJames Newell.
260 _aMéxico :
_bAlfaomega,
_c2011.
300 _axxviii, 336 p. : il. ; 26 cm.
490 _aIngeniería. Ciencia de materiales
500 _aGlosario : p. 312 - 329.
650 1 4 _aMateriales.
_938466
852 _17.648.30
942 _2ddc
_cBK
949 _an n
999 _c32870
_d32870